Themes of Islamic civilization /

محفوظ في:

المؤلف الرئيسي: Williams, John Alden (مؤلف)

التنسيق: كتاب

اللغة: English

منشور في: Berkeley : University of California Press, 1971.

الموضوعات:

الوسوم: إضافة وسم

لا توجد وسوم, كن أول من يضع وسما على هذه التسجيلة!

رقم الطلب: BP20 .W53 1971

LEADER 00629nam a2200229 4500
001 2610
003 OSt
005 20250921075938.0
008 130303s1971 cau b 000 0 eng d
010 |a 78107659 
020 |a 0520016858 
040 |c ARCE Library 
050 4 |a BP20 .W53 1971 
100 1 |a Williams, John Alden,  |e author 
245 1 0 |a Themes of Islamic civilization /  |c by John Alden Williams. 
264 1 |a Berkeley :   |b University of California Press,   |c 1971. 
300 |a viii, 382 pages ;  |c 24 cm. 
504 |a Bibliography : pages 371-375. 
650 0 |a Islam. 
901 |a reviewed 
942 |c BK  |2 lcc 
999 |c 6371  |d 6371